Systémy logistiky

Guardado en:
Detalles Bibliográficos
Formato: Seriadas
Lenguaje:eslovaco
Publicado: Praha ATOZ Marketing Services 2014
Materias:
Etiquetas: Agregar Etiqueta
Sin Etiquetas, Sea el primero en etiquetar este registro!

MARC

LEADER 00000nas2a2200000 4500
001 0252265
005 20190320110924.3
041 0 |a slo 
044 |a CZ 
245 1 0 |a Systémy logistiky 
264 1 |a Praha  |b ATOZ Marketing Services  |c 2014 
773 0 |w eu_un_cat*0054232 
610 2 0 |a logistika 
610 2 0 |a systémy informačné logistické